| 000 | 00620cam a2200133 4500500 | ||
|---|---|---|---|
| 005 | 20260111091248.0 | ||
| 041 | _afre | ||
| 042 | _adc | ||
| 245 | 0 | 0 | _aRatzinger card. J., Lettre aux Évêques de l’Église catholique sur la collaboration de l’homme et de la femme dans l’Église et dans le monde, Paris, Salvator, 2004, 21x14, 31 p., 5 €. ISBN 2-7067-0382-2 |
| 260 | _c2005. | ||
| 500 | _a10 | ||
| 786 | 0 | _nNouvelle revue théologique | 127 | 4 | 2005-12-15 | p. 623o-632o | 0029-4845 | |
| 856 | 4 | 1 | _uhttps://shs.cairn.info/revue-nouvelle-revue-theologique-2005-4-page-623o?lang=fr&redirect-ssocas=7080 |
| 999 |
_c1620740 _d1620740 |
||